000 01809nam a2200529 i 4500
001 14795
003 KOSZ 005
005 20230619125207.0
008 070608s1971 pl a f 001 0 pol
015 _aPB 1971/9307
035 _a991038836309705066
035 _a(PL-WaBN)b2039391x-48omnis_nlop
035 _ab2039391x
035 _a(OCoLC)69586463
035 _a(PL)b0000002039391
035 _a(EXLNZ-48OMNIS_NETWORK)9910322930805606
040 _aWA N
_cWA N
_dKOSZ 005/KK
080 _a930.85
080 _a39
080 _a301
080 _a572
100 1 _aConrad, Jack.
_eAutor
245 1 0 _aCzłowiek, rasa, kultura /
_cJack Conrad ; z angielskiego przełożyła Agnieszka Kreczmar ; ilustrował Stephen Rogers Peck.
260 _aWarszawa :
_bPaństwowe Wydawnictwo Naukowe,
_c1971.
300 _a368, [4] strony :
_bmapy ;
_c23 cm.
336 _2rdacontent
_aTekst
_btxt
337 _2rdamedia
_aBez urządzenia pośredniczącego
_bn
338 _2rdacarrier
_aWolumin
_bnc
380 _aKsiążki
388 _a1901-2000
490 1 _aBiblioteka Problemów ;
_vt. 160
504 _aIndeks.
650 7 _aRasy ludzkie.
_2DBN
650 7 _aSocjologia kultury
_2DBN
658 _aEtnologia i antropologia kulturowa
658 _aKultura i sztuka
658 _aSocjologia i społeczeństwo
658 _aPsychologia
650 7 _aAntropologia społeczna
_2DBN
650 7 _aEtnopsychologia
_2DBN
700 1 _aPeck, Stephen Rogers.
_eIlustracje
700 1 _aKreczmar, Agnieszka
_d(1939-2010)
_eTłumaczenie
830 0 _aBiblioteka Problemów,
_vt. 160
856 _uhttp://koha.tu.koszalin.pl/cgi-bin/koha/opac-detail.pl?biblionumber=14795
_yKatalog online BPK
942 _2UKD
_cKS
999 _c14795
_d14795